[Event "Sec op-A"]
[Site "Sec u Chrudimi"]
[Date "2007.10.21"]
[Round "2"]
[White "Kindl, Jan"]
[Black "Paukert, Jan"]
[Result "1/2-1/2"]
[WhiteElo "1826"]
[BlackElo "1923"]
[PlyCount "99"]
[EventDate "2007.10.20"]
[EventType "swiss"]
[EventRounds "9"]
[EventCountry "CZE"]
[SourceTitle "EXT 2022"]
[Source "ChessBase"]
[SourceDate "2021.10.06"]
[SourceVersion "1"]
[SourceVersionDate "2021.10.06"]
[SourceQuality "1"]

1. c4 Nf6 2. g3 g6 3. Bg2 d5 4. cxd5 Nxd5 5. Nc3 Nxc3 6. bxc3 Bg7 7. Nf3 0-0 8. 0-0 c5 9. Qc2 Nc6 10. Bb2 Qc7 11. Rfd1 Bf5 12. e4 Bg4 13. h3 Bxf3 14. Bxf3 Rac8 15. d3 Rfd8 16. Rac1 Qd7 17. Bg2 Ne5 18. Ba1 Nxd3 19. c4 Bxa1 20. Rxa1 Nb4 21. Qb3 Qc7 22. a3 Nc6 23. Rd5 Nd4 24. Rxd8+ Rxd8 25. Qb2 e5 26. a4 b6 27. h4 Qd7 28. a5 Qc7 29. axb6 Qxb6 30. Qa2 Nc6 31. f4 exf4 32. gxf4 Rd7 33. e5 Nb4 34. Qa4 Qd8 35. Bd5 Nxd5 36. cxd5 Rxd5 37. Qxa7 Rd1+ 38. Rxd1 Qxd1+ 39. Kf2 Qd2+ 40. Kf3 Qd5+ 41. Ke3 Kg7 42. Qe7 c4 43. Qf6+ Kf8 44. Qh8+ Ke7 45. Qf6+ Kd7 46. Qa6 Qc6 47. Qa2 c3 48. Qxf7+ Kc8 49. Qf8+ Kc7 50. Qf7+ 1/2-1/2

[Event "CZE-ch Juniors op-A"]
[Site "Zlate Hory"]
[Date "2006.03.16"]
[Round "7"]
[White "Paukert, Jan"]
[Black "Seidl, Antonin"]
[Result "1-0"]
[WhiteElo "1917"]
[BlackElo "1564"]
[PlyCount "69"]
[EventDate "2006.03.11"]
[EventType "swiss"]
[EventRounds "9"]
[EventCountry "CZE"]
[SourceTitle "EXT 2008"]
[Source "ChessBase"]
[SourceDate "2007.11.25"]
[SourceVersion "1"]
[SourceVersionDate "2007.11.25"]
[SourceQuality "1"]

1. d4 Nf6 2. Nf3 d5 3. g3 c6 4. Bg2 Bf5 5. 0-0 Nbd7 6. c4 e6 7. Nc3 Be7 8. Nd2 0-0 9. e4 dxe4 10. Ndxe4 Nxe4 11. Nxe4 Nf6 12. Nc3 Qb6 13. b3 Rfd8 14. Be3 Qa5 15. Ne2 Rd7 16. a3 Rad8 17. b4 Qa6 18. Qb3 Ne8 19. b5 cxb5 20. cxb5 Qa5 21. Rfd1 Nc7 22. a4 Nd5 23. Rac1 Qb4 24. Qxb4 Bxb4 25. Rc4 Be7 26. a5 Bf6 27. Nc3 Nxc3 28. Rxc3 Kf8 29. Rdc1 Bxd4 30. Bxd4 Rxd4 31. Bxb7 Ra4 32. a6 Rb4 33. Rc8 Ke8 34. Bc6+ Ke7 35. Rc7+ 1-0

[Event "CZE-ch Juniors op-A"]
[Site "Zlate Hory"]
[Date "2006.03.14"]
[Round "5"]
[White "Paukert, Jan"]
[Black "Luksa, Ales"]
[Result "1-0"]
[WhiteElo "1917"]
[BlackElo "1786"]
[PlyCount "97"]
[EventDate "2006.03.11"]
[EventType "swiss"]
[EventRounds "9"]
[EventCountry "CZE"]
[SourceTitle "EXT 2008"]
[Source "ChessBase"]
[SourceDate "2007.11.25"]
[SourceVersion "1"]
[SourceVersionDate "2007.11.25"]
[SourceQuality "1"]

1. d4 Nf6 2. Nf3 g6 3. g3 b6 4. Bg2 Bb7 5. c4 Bg7 6. Nc3 e6 7. 0-0 0-0 8. Qd3 d5 9. cxd5 exd5 10. Bg5 Ba6 11. Qd2 Qd6 12. Bxf6 Bxf6 13. Rfe1 Re8 14. e4 Bg7 15. exd5 Nd7 16. Ng5 Nf6 17. Nge4 Qd7 18. Nxf6+ Bxf6 19. Ne4 Bg7 20. Rac1 f5 21. Nc3 Rxe1+ 22. Rxe1 Re8 23. Rxe8+ Qxe8 24. Qe3 Kf7 25. Bf1 Bxf1 26. Kxf1 a6 27. a4 Qe7 28. Ke2 Bh6 29. Qxe7+ Kxe7 30. Kd3 Kd6 31. f4 Bg7 32. Kc4 h6 33. b4 Bf6 34. b5 a5 35. Nd1 g5 36. Ne3 h5 37. Nxf5+ Kd7 38. Kd3 h4 39. fxg5 hxg3 40. hxg3 Bxg5 41. Ke4 Ke8 42. Ng7+ Kd7 43. Ne6 Bf6 44. g4 Bh4 45. g5 Bg3 46. Kf5 Ke7 47. Kg6 Kd6 48. Kf7 Kxd5 49. g6 1-0